| 000 -LEADER |
| fixed length control field |
00606nam a22001817a 4500 |
| 005 - DATE AND TIME OF LATEST TRANSACTION |
| control field |
20240226103516.0 |
| 008 - FIXED-LENGTH DATA ELEMENTS--GENERAL INFORMATION |
| fixed length control field |
240226s1998 tu ||||| |||| 00| 0 tur d |
| 020 ## - INTERNATIONAL STANDARD BOOK NUMBER |
| International Standard Book Number |
975110694x |
| 041 ## - LANGUAGE CODE |
| Language code of text/sound track or separate title |
tur |
| 080 ## - UNIVERSAL DECIMAL CLASSIFICATION NUMBER |
| Universal Decimal Classification number |
821.512.164 C-38 |
| 100 ## - MAIN ENTRY--PERSONAL NAME |
| Personal name |
Çelebioğlu, Amil |
| 9 (RLIN) |
21284 |
| 245 ## - TITLE STATEMENT |
| Title |
Eski turk edebiyatı araştırmalari / |
| Statement of responsibility, etc. |
Amil Çelebioğlu. |
| 264 ## - PRODUCTION, PUBLICATION, DISTRIBUTION, MANUFACTURE, AND COPYRIGHT NOTICE |
| Place of production, publication, distribution, manufacture |
Istanbul: |
| Name of producer, publisher, distributor, manufacturer |
Milli Egitim Basimevi, |
| Date of production, publication, distribution, manufacture, or copyright notice |
1998. |
| 300 ## - PHYSICAL DESCRIPTION |
| Extent |
789 p.; |
| Other physical details |
24 cm. |
| 440 ## - SERIES STATEMENT/ADDED ENTRY--TITLE |
| Title |
araştırma inceleme dizisi |
| 9 (RLIN) |
21285 |
| 653 ## - INDEX TERM--UNCONTROLLED |
| keyword |
ძველი თურქული ლიტერატურის კვლევა |
| 942 ## - ADDED ENTRY ELEMENTS (KOHA) |
| Source of classification or shelving scheme |
|
| Koha item type |
წიგნი |